[Event "Pere Noel Online"]
[Site "Chess.com"]
[Date "2020.12.28"]
[Round "6"]
[White "Kot, Emanuel"]
[Black "Dube, Dominic"]
[Result "1-0"]
[WhiteElo "1871"]
[BlackElo "1814"]
[PlyCount "141"]
[EventDate "2020.12.27"]
[EventType "swiss"]
[EventRounds "6"]
[EventCountry "CAN"]

1. e4 c6 2. d4 d5 3. Nc3 dxe4 4. Nxe4 Bf5 5. Ng3 Bg6 6. h4 h6 7. Nf3 Nd7 8. h5
Bh7 9. Bd3 Bxd3 10. Qxd3 Ngf6 11. Bd2 e6 12. O-O-O Bd6 13. Kb1 Bxg3 14. fxg3
Qb6 15. c4 O-O-O 16. Qa3 Ne4 17. Ba5 Qa6 18. Rhe1 b6 19. Rxe4 bxa5 20. Ne5 Nf6
21. Re3 Rhf8 22. Qc5 Kb7 23. Rb3+ Ka8 24. Ra3 a4 25. Qxc6+ Qxc6 26. Nxc6 Rd6
27. Ne5 Nxh5 28. g4 Nf4 29. g3 Ne2 30. Re3 Rxd4 31. Re1 f6 32. Ng6 Rc8 33.
R1xe2 Rdxc4 34. a3 Rxg4 35. Nf4 e5 36. Nd5 Rd4 37. Nc3 a6 38. Re4 Rd3 39. R2e3
Rxe3 40. Rxe3 g6 41. Nxa4 Ka7 42. Nc3 Rc6 43. Nd5 Rd6 44. Ne7 g5 45. Nf5 Rd1+
46. Kc2 Rh1 47. Kd3 Rd1+ 48. Ke2 Rb1 49. Nxh6 Rxb2+ 50. Kf3 Kb7 51. Kg4 Kc7 52.
Ng8 Rf2 53. Nh6 Kc6 54. Rf3 Rxf3 55. Kxf3 Kd5 56. Ke3 Kc4 57. g4 Kb3 58. Ng8
Kxa3 59. Nxf6 Kb3 60. Ne4 a5 61. Kd3 Kb2 62. Nc5 Ka3 63. Kc4 a4 64. Kd5 Kb4 65.
Nxa4 Kxa4 66. Kxe5 Kb5 67. Kf5 Kc6 68. Kxg5 Kd7 69. Kh6 Ke7 70. g5 Kf7 71. Kh7
1-0

[Event "Pere Noel Online"]
[Site "Chess.com"]
[Date "2020.12.28"]
[Round "6"]
[White "Latorre, Vincent"]
[Black "Sowa, Ryan"]
[Result "1/2-1/2"]
[WhiteElo "2013"]
[BlackElo "2235"]
[PlyCount "42"]
[EventDate "2020.12.27"]
[EventType "swiss"]
[EventRounds "6"]
[EventCountry "CAN"]

1. e4 e5 2. Nf3 Nc6 3. Bc4 Bc5 4. c3 Nf6 5. d3 d6 6. O-O O-O 7. Nbd2 a5 8. a4
h6 9. h3 Be6 10. Bb3 d5 11. exd5 Bxd5 12. Re1 Re8 13. Bxd5 Qxd5 14. Nb3 Bf8 15.
Be3 Rad8 16. d4 e4 17. Nfd2 Qf5 18. Nf1 Bd6 19. Nbd2 Qd7 20. Nc4 Nd5 21. Nxd6
Qxd6 1/2-1/2

[Event "Pere Noel Online"]
[Site "Chess.com"]
[Date "2020.12.28"]
[Round "6"]
[White "Magner, Wilhelm"]
[Black "Lynch, Jonathan"]
[Result "0-1"]
[WhiteElo "1955"]
[BlackElo "1775"]
[PlyCount "128"]
[EventDate "2020.12.27"]
[EventType "swiss"]
[EventRounds "6"]
[EventCountry "CAN"]

1. d4 d6 2. Bf4 Nf6 3. e3 Nbd7 4. Nf3 c6 5. c3 h6 6. h3 Qc7 7. Nbd2 e5 8. dxe5
dxe5 9. Bh2 b5 10. c4 b4 11. c5 Nd5 12. Nc4 f6 13. Nd4 Nxc5 14. Qh5+ Qf7 15.
Qxf7+ Kxf7 16. Nxc6 Nb7 17. Rd1 Be6 18. N4a5 Nxa5 19. Nxa5 Nb6 20. Be2 b3 21.
Nxb3 Bb4+ 22. Kf1 Rhd8 23. f4 Nc4 24. Kf2 Nxb2 25. Rxd8 Rxd8 26. fxe5 Bxb3 27.
axb3 Rd2 28. Kf3 f5 29. Rc1 Ba5 30. Bg3 g5 31. Be1 g4+ 32. hxg4 fxg4+ 33. Kxg4
Rxe2 34. Bxa5 Rxe3 35. Bd2 Rxb3 36. Bxh6 Ke6 37. Bf4 Rb4 38. Rc6+ Kd5 39. Rd6+
Kc5 40. e6 Rxf4+ 41. Kxf4 Kxd6 42. Kf5 Ke7 43. g4 a5 44. Ke5 a4 45. Kd4 a3 46.
Kc3 Nc4 47. Kb3 Kxe6 48. g5 Kf5 49. Ka2 Kxg5 50. Ka1 Kf4 51. Ka2 Ke3 52. Ka1
Kd2 53. Ka2 Kc3 54. Ka1 Kb3 55. Kb1 Nb2 56. Ka1 Na4 57. Kb1 Nc5 58. Ka1 Ka4 59.
Ka2 Ne6 60. Ka1 Nd4 61. Ka2 Kb4 62. Ka1 Kb3 63. Kb1 a2+ 64. Ka1 Nc2# 0-1

[Event "Pere Noel Online"]
[Site "Chess.com"]
[Date "2020.12.28"]
[Round "6"]
[White "Tanaka, Tyler"]
[Black "Laroche, Hugo"]
[Result "1-0"]
[WhiteElo "2375"]
[BlackElo "1817"]
[PlyCount "47"]
[EventDate "2020.12.27"]
[EventType "swiss"]
[EventRounds "6"]
[EventCountry "CAN"]

1. Nf3 d5 2. g3 Nf6 3. Bg2 Bf5 4. c4 e6 5. Qb3 b6 6. O-O c6 7. cxd5 cxd5 8. d3
Bd6 9. Nc3 Nbd7 10. Nb5 Be7 11. Nfd4 Nc5 12. Qc2 Bg6 13. b4 Na6 14. Qa4 O-O 15.
Qxa6 Qd7 16. Bd2 Rfc8 17. Rfc1 Ne8 18. Rxc8 Rxc8 19. Qa4 Bf6 20. Be3 Nd6 21.
Qxa7 Qxa7 22. Nxa7 Bxd4 23. Bxd4 Rc7 24. Bxb6 1-0

[Event "Pere Noel Online"]
[Site "Chess.com"]
[Date "2020.12.28"]
[Round "6"]
[White "Therrien, Michel"]
[Black "Adam, Rafael"]
[Result "0-1"]
[WhiteElo "1727"]
[BlackElo "1914"]
[PlyCount "38"]
[EventDate "2020.12.27"]
[EventType "swiss"]
[EventRounds "6"]
[EventCountry "CAN"]

1. e4 e5 2. Nf3 Nc6 3. Nc3 Nf6 4. Bb5 Bc5 5. O-O d6 6. d4 exd4 7. Nxd4 Bd7 8.
Bxc6 bxc6 9. h3 h6 10. Re1 O-O 11. b3 Bb4 12. Qd3 Re8 13. Bb2 Nh5 14. Qf3 Qg5
15. Nde2 Re7 16. a3 Bxc3 17. Nxc3 Rae8 18. Bc1 Qg6 19. Bd2 Nf6 0-1

[Event "Pere Noel U1400 Online"]
[Site "Chess.com"]
[Date "2020.12.27"]
[Round "1"]
[White "Cormier, Benoit"]
[Black "Yergeau, Samuel"]
[Result "1-0"]
[WhiteElo "1354"]
[BlackElo "1082"]
[PlyCount "89"]
[EventDate "2020.12.27"]
[EventType "swiss"]
[EventRounds "6"]
[EventCountry "CAN"]

1. e4 e5 2. Nf3 Nc6 3. Bb5 a6 4. Ba4 Nf6 5. O-O Bc5 6. c3 O-O 7. Re1 b5 8. Bc2
d6 9. d4 Bb6 10. h3 Bb7 11. d5 Ne7 12. Bg5 Ng6 13. Nbd2 c6 14. dxc6 Bxc6 15.
Bb3 h6 16. Be3 d5 17. Bxb6 Qxb6 18. exd5 Nxd5 19. Nxe5 Nxe5 20. Rxe5 Nf4 21.
Nf3 Rad8 22. Nd4 Bxg2 23. Qg4 Bxh3 24. Qxf4 Qg6+ 25. Qg3 Qxg3+ 26. fxg3 b4 27.
Kh2 Bg4 28. Re4 Bh5 29. g4 Bg6 30. Rf4 Rd6 31. Raf1 bxc3 32. bxc3 Kh8 33. Bxf7
Bxf7 34. Rxf7 Rc8 35. Rf8+ Rxf8 36. Rxf8+ Kh7 37. Re8 Rb6 38. Re2 Rg6 39. Kh3
Rg5 40. Nf5 h5 41. Ng3 hxg4+ 42. Kg2 Rc5 43. Rc2 Kh6 44. c4 Kg5 45. Ne4+ 1-0

[Event "Pere Noel U1400 Online"]
[Site "Chess.com"]
[Date "2020.12.27"]
[Round "1"]
[White "Houde, Jean-Francois"]
[Black "Villeneuve, Joel"]
[Result "0-1"]
[WhiteElo "1425"]
[BlackElo "1561"]
[PlyCount "112"]
[EventDate "2020.12.27"]
[EventType "swiss"]
[EventRounds "6"]
[EventCountry "CAN"]

1. e4 c5 2. Nf3 d6 3. Bc4 e6 4. O-O Nc6 5. a3 Nf6 6. d3 Qb6 7. Nc3 a6 8. Bb3
Be7 9. Be3 Nd4 10. Bxd4 cxd4 11. Ne2 e5 12. h3 O-O 13. c3 dxc3 14. bxc3 Bd7 15.
Rb1 Qa5 16. a4 Bc6 17. Qd2 b5 18. axb5 Bxb5 19. c4 Qxd2 20. Nxd2 Bc6 21. f4
Rfd8 22. fxe5 dxe5 23. Bc2 Bc5+ 24. Kh1 a5 25. Nf3 Nd7 26. Nc3 f6 27. Ra1 f5
28. Nd5 fxe4 29. dxe4 h6 30. Rfd1 a4 31. Ra2 a3 32. g4 Kh8 33. h4 Rf8 34. Rf1
Bxd5 35. cxd5 Rf4 36. g5 hxg5 37. hxg5 Be7 38. Bd3 Nc5 39. Rh2+ Kg8 40. d6 Nxd3
41. dxe7 Kf7 42. Rd1 Rxf3 43. Rhd2 Nf2+ 44. Rxf2 Rxf2 45. Rd8 Kxe7 46. Rxa8 a2
47. Kg1 Rb2 48. Ra7+ Kf8 49. Ra8+ Kf7 50. Ra7+ Kg8 51. g6 Kf8 52. Ra8+ Ke7 53.
Ra7+ Kf6 54. Ra6+ Kg5 55. Ra3 Rb1+ 56. Kf2 a1=Q 0-1

[Event "Pere Noel U1400 Online"]
[Site "Chess.com"]
[Date "2020.12.27"]
[Round "1"]
[White "Wen, Kevin"]
[Black "Chelkowski, Jan"]
[Result "1/2-1/2"]
[WhiteElo "1132"]
[BlackElo "1287"]
[PlyCount "67"]
[EventDate "2020.12.27"]
[EventType "swiss"]
[EventRounds "6"]
[EventCountry "CAN"]

1. e4 e5 2. Nf3 Nc6 3. Bc4 h6 4. O-O Bc5 5. Nc3 d6 6. h3 a6 7. a3 Nf6 8. d3 O-O
9. Nd5 Be6 10. Nxf6+ Qxf6 11. Bxe6 fxe6 12. Be3 Nd4 13. Nxd4 Bxd4 14. Qg4 Bxe3
15. fxe3 Qe7 16. Rxf8+ Rxf8 17. Rf1 Rxf1+ 18. Kxf1 Qf6+ 19. Kg1 Qe7 20. c3 Qd7
21. d4 b6 22. Qe2 b5 23. Qd3 exd4 24. exd4 Qf7 25. Qf3 Qd7 26. Kf2 Qe7 27. Ke3
Qg5+ 28. Kd3 Qc1 29. Qg4 Qf1+ 30. Kc2 Qf2+ 31. Kb3 Qf7 32. Kc2 Qf2+ 33. Kb3 Qf7
34. Kc2 1/2-1/2

[Event "Pere Noel U1400 Online"]
[Site "Chess.com"]
[Date "2020.12.27"]
[Round "2"]
[White "Aboudy, Bassel"]
[Black "Cormier, Benoit"]
[Result "0-1"]
[WhiteElo "1081"]
[BlackElo "1363"]
[PlyCount "60"]
[EventDate "2020.12.27"]
[EventType "swiss"]
[EventRounds "6"]
[EventCountry "CAN"]

1. d4 Nf6 2. c4 e6 3. Nf3 b6 4. Bg5 Bb7 5. Nc3 Bb4 6. e3 O-O 7. Bd3 d5 8. O-O
h6 9. Bh4 Nbd7 10. cxd5 exd5 11. Qc2 Be7 12. Nd2 c5 13. h3 Re8 14. f3 cxd4 15.
exd4 a6 16. Rae1 Nh5 17. Bxe7 Rxe7 18. Ne2 Rc8 19. Qb1 Nf8 20. Rf2 Qd6 21. Nf1
Rce8 22. g3 Bc8 23. Kg2 Ne6 24. g4 Nhf4+ 25. Kg1 Nxh3+ 26. Kg2 Nxf2 27. Kxf2
Nf4 28. Nxf4 Rxe1 29. Qxe1 Rxe1 30. Kxe1 Qxf4 0-1

[Event "Pere Noel U1400 Online"]
[Site "Chess.com"]
[Date "2020.12.27"]
[Round "2"]
[White "Chelkowski, Jan"]
[Black "Eriew, David"]
[Result "1/2-1/2"]
[WhiteElo "1248"]
[BlackElo "1043"]
[PlyCount "155"]
[EventDate "2020.12.27"]
[EventType "swiss"]
[EventRounds "6"]
[EventCountry "CAN"]

1. e4 e6 2. b3 d5 3. Qf3 dxe4 4. Qxe4 Nf6 5. Qf3 Bc5 6. Bb2 Nbd7 7. Qg3 O-O 8.
Bd3 e5 9. Ne2 Re8 10. O-O b6 11. c4 Bb7 12. Nbc3 Bd6 13. Qh3 Nc5 14. Nd5 Bxd5
15. cxd5 Nxd3 16. Qxd3 e4 17. Qh3 Nxd5 18. Qg4 Nf6 19. Qh3 Be5 20. Bxe5 Rxe5
21. Rad1 Qd7 22. Qc3 Re6 23. Nd4 Rd6 24. Ne2 Rc6 25. Qb2 Qd3 26. Nd4 Rd6 27.
Nf5 Rd7 28. Rfe1 Rad8 29. h3 Qd5 30. Ne3 Qa5 31. Nc4 Qg5 32. Ne3 Rd3 33. Qc2 c5
34. Nf1 Rxh3 35. Ng3 Rh4 36. Nxe4 Nxe4 37. Rxe4 Rxe4 38. Qxe4 g6 39. d3 Qf5 40.
Qb7 Rd7 41. Qb8+ Kg7 42. f3 Rxd3 43. Rxd3 Qxd3 44. Qe5+ Kh6 45. Qh2+ Kg7 46.
Qe5+ Kf8 47. Qb8+ Ke7 48. Qxa7+ Qd7 49. Qxb6 Qd1+ 50. Kh2 Qd6+ 51. Qxd6+ Kxd6
52. Kg3 Kc6 53. Kf4 Kb5 54. Ke4 Kb4 55. Kd5 h5 56. f4 f6 57. Ke6 f5 58. Kf6 Ka3
59. Kxg6 Kxa2 60. Kxf5 Kxb3 61. Ke4 c4 62. f5 c3 63. f6 c2 64. f7 c1=Q 65. f8=Q
Qe1+ 66. Kd5 Qd2+ 67. Ke6 Qe1+ 68. Kd7 Qd1+ 69. Ke7 Qe1+ 70. Kd8 Qa5+ 71. Kd7
Qa7+ 72. Kc6 Qa6+ 73. Kc7 Qa5+ 74. Kb7 Qb5+ 75. Kc7 Qa5+ 76. Kb7 Qb5+ 77. Ka7
Qa5+ 78. Kb7 1/2-1/2

[Event "Pere Noel U1400 Online"]
[Site "Chess.com"]
[Date "2020.12.27"]
[Round "2"]
[White "Villeneuve, Joel"]
[Black "Cormier, Roger"]
[Result "1-0"]
[WhiteElo "1564"]
[BlackElo "1262"]
[PlyCount "45"]
[EventDate "2020.12.27"]
[EventType "swiss"]
[EventRounds "6"]
[EventCountry "CAN"]

1. d4 d5 2. Bf4 e6 3. e3 Nf6 4. Nf3 Nc6 5. c3 Be7 6. Bd3 O-O 7. Nbd2 Ng4 8. h3
Nh6 9. Bxh6 gxh6 10. Ne5 Bf6 11. Qg4+ Bg7 12. O-O-O Nxe5 13. dxe5 c5 14. f4 f6
15. Nf3 f5 16. Qg3 Bd7 17. Qf2 Qa5 18. Bb1 Ba4 19. Rdg1 b6 20. g4 Be8 21. gxf5
exf5 22. Qg3 Kh8 23. Qxg7# 1-0

[Event "Pere Noel U1400 Online"]
[Site "Chess.com"]
[Date "2020.12.27"]
[Round "2"]
[White "Yergeau, Samuel"]
[Black "Wen, Kevin"]
[Result "0-1"]
[WhiteElo "976"]
[BlackElo "1172"]
[PlyCount "156"]
[EventDate "2020.12.27"]
[EventType "swiss"]
[EventRounds "6"]
[EventCountry "CAN"]

1. e4 e5 2. Nf3 Nc6 3. Bc4 Bc5 4. Nc3 Nf6 5. d3 h6 6. O-O O-O 7. Re1 a6 8. a3
d6 9. b4 Ba7 10. Bb2 Ng4 11. Re2 Nd4 12. Rd2 Nxf3+ 13. Qxf3 Qg5 14. Rad1 Nf6
15. h3 Nh5 16. Kh1 Nf4 17. Nd5 Nxd5 18. Bxd5 c6 19. Bb3 Be6 20. c4 b5 21. Rc2
c5 22. bxc5 Bxc5 23. a4 Qh4 24. Kg1 Qg5 25. d4 Bb6 26. dxe5 bxa4 27. Bxa4 dxe5
28. Rd6 Bc5 29. Rc6 Rfc8 30. Kh2 Rxc6 31. Bxc6 Rc8 32. Bd5 Rf8 33. Ba3 Bxa3 34.
Qxa3 Qf4+ 35. g3 Qg5 36. Qxa6 Bxd5 37. exd5 Qf5 38. Re2 Qf3 39. c5 Qxd5 40. Qd6
Qxd6 41. cxd6 Rd8 42. Rd2 Kf8 43. Kg2 Ke8 44. Kf3 Kd7 45. Ke4 Ke6 46. f4 exf4
47. gxf4 Rxd6 48. Rxd6+ Kxd6 49. Kf5 Kd5 50. h4 Kd4 51. h5 Ke3 52. Ke5 Kf3 53.
f5 Kg4 54. f6 gxf6+ 55. Kxf6 Kxh5 56. Kxf7 Kg5 57. Kg7 h5 58. Kf7 h4 59. Ke6 h3
60. Ke5 h2 61. Ke4 h1=Q+ 62. Ke5 Qf3 63. Ke6 Qf6+ 64. Kd5 Qf4 65. Ke6 Qf5+ 66.
Kd6 Qe4 67. Kc5 Qd3 68. Kc6 Qd4 69. Kb5 Qc3 70. Kb6 Qc4 71. Ka5 Qb3 72. Ka6 Qb4
73. Ka7 Qb5 74. Ka8 Kf6 75. Ka7 Ke6 76. Ka8 Kd7 77. Ka7 Kc7 78. Ka8 Qb8# 0-1

[Event "Pere Noel U1400 Online"]
[Site "Chess.com"]
[Date "2020.12.27"]
[Round "3"]
[White "Cormier, Benoit"]
[Black "Villeneuve, Joel"]
[Result "0-1"]
[WhiteElo "1351"]
[BlackElo "1568"]
[PlyCount "78"]
[EventDate "2020.12.27"]
[EventType "swiss"]
[EventRounds "6"]
[EventCountry "CAN"]

1. e4 c6 2. Nf3 d5 3. exd5 cxd5 4. Nc3 Bf5 5. d4 Qc7 6. g3 e6 7. Bf4 Qa5 8. Ne5
a6 9. Bd3 Bxd3 10. Qxd3 Nf6 11. O-O Nbd7 12. Nxd7 Nxd7 13. Rfe1 Be7 14. a3 Rc8
15. b4 Qb6 16. Na4 Qc6 17. Nc5 Nxc5 18. dxc5 O-O 19. Qf3 b6 20. cxb6 Qxb6 21.
c3 Rc4 22. Be3 Rxc3 23. Bxb6 Rxf3 24. Rac1 Rxa3 25. Bc5 Bxc5 26. bxc5 Rc8 27.
c6 Ra4 28. Re2 Rc4 29. Rec2 Rxc2 30. Rxc2 Kf8 31. f4 Ke7 32. Kf2 Kd6 33. Ke3
Rxc6 34. Rxc6+ Kxc6 35. Kd4 f6 36. g4 Kb5 37. h4 a5 38. g5 fxg5 39. fxg5 g6 0-1

[Event "Pere Noel U1400 Online"]
[Site "Chess.com"]
[Date "2020.12.27"]
[Round "3"]
[White "Cormier, Roger"]
[Black "Chelkowski, Jan"]
[Result "1/2-1/2"]
[WhiteElo "1341"]
[BlackElo "1263"]
[PlyCount "137"]
[EventDate "2020.12.27"]
[EventType "swiss"]
[EventRounds "6"]
[EventCountry "CAN"]

1. d4 b6 2. Nf3 e6 3. c4 c5 4. Nc3 cxd4 5. Nxd4 Bc5 6. Be3 Nf6 7. Na4 Ng4 8.
Bf4 e5 9. e3 Nxf2 10. Kxf2 exf4 11. exf4 Qf6 12. Qe2+ Be7 13. Qe3 Nc6 14. Nf3
Nb4 15. Qe5 Qxe5 16. fxe5 O-O 17. a3 Nc6 18. Be2 f6 19. Rhe1 fxe5 20. Kg1 Bb7
21. Bd3 Nd8 22. Nxe5 Bf6 23. Nxd7 Bd4+ 24. Kh1 Bxg2+ 25. Kxg2 Rf2+ 26. Kh3 Nf7
27. Rad1 Ng5+ 28. Kg3 Rd8 29. Bf5 Nf3 30. Be6+ Kh8 31. Rxd4 Nxd4 32. Kxf2 Nxe6
33. Ne5 Kg8 34. Nc6 Rf8+ 35. Kg3 Rf6 36. Nxa7 Rg6+ 37. Kf2 Rf6+ 38. Ke3 Nc5 39.
Nxc5 bxc5 40. Kd3 Rf2 41. Re8+ Kf7 42. Re5 Rxb2 43. Rxc5 Rb3+ 44. Kd4 Rxa3 45.
Rc7+ Kg6 46. Nb5 Ra2 47. Rc6+ Kh5 48. Rc5+ Kg4 49. Nc3 Rxh2 50. Ne4 h6 51. Rc6
Rh1 52. Rg6+ Kf5 53. Rxg7 Rd1+ 54. Ke3 Re1+ 55. Kd2 Rxe4 56. Rf7+ Ke6 57. Rc7
h5 58. Kd3 Re1 59. Rh7 Rh1 60. Kd4 h4 61. c5 Rd1+ 62. Kc4 Rc1+ 63. Kb5 Rb1+ 64.
Kc6 Rh1 65. Rh6+ Ke7 66. Kb6 Rb1+ 67. Kc6 Rh1 68. Kb5 Rb1+ 69. Kc6 1/2-1/2

[Event "Pere Noel U1400 Online"]
[Site "Chess.com"]
[Date "2020.12.27"]
[Round "3"]
[White "Eriew, David"]
[Black "Aboudy, Bassel"]
[Result "0-1"]
[WhiteElo "981"]
[BlackElo "1093"]
[PlyCount "122"]
[EventDate "2020.12.27"]
[EventType "swiss"]
[EventRounds "6"]
[EventCountry "CAN"]

1. e4 c5 2. Nf3 d6 3. d4 cxd4 4. Nxd4 Nf6 5. Nc3 a6 6. Bd3 e6 7. Nde2 Nc6 8.
Bg5 Be7 9. Qd2 b5 10. a3 Ne5 11. O-O Nxd3 12. Qxd3 Bb7 13. Ng3 d5 14. exd5 Bxd5
15. Nxd5 Qxd5 16. Bxf6 Qxd3 17. cxd3 Bxf6 18. Rab1 g6 19. Ne4 Be7 20. b4 f5 21.
Nc5 Bxc5 22. bxc5 Rd8 23. Rbd1 Rd4 24. Rfe1 Ke7 25. Re3 Rc8 26. Rc1 Rc6 27. Kf1
Kf6 28. Ke2 e5 29. Kd2 Rd5 30. Rh3 h5 31. Ra1 Rdxc5 32. Ke3 Rc1 33. Ra2 R6c2
34. Rxc2 Rxc2 35. f4 exf4+ 36. Kxf4 Rxg2 37. d4 Rd2 38. Ke3 Ra2 39. Kf4 g5+ 40.
Kg3 Rxa3+ 41. Kg2 Rxh3 42. Kxh3 Ke6 43. Kg3 Kd5 44. h4 gxh4+ 45. Kxh4 Kxd4 46.
Kxh5 b4 47. Kg5 b3 48. Kxf5 b2 49. Kf4 b1=Q 50. Kf3 Qe1 51. Kf4 Qe2 52. Kf5 Qe3
53. Kg4 Qf2 54. Kg5 Qf3 55. Kg6 Qf4 56. Kg7 Qf5 57. Kg8 Qd7 58. Kf8 Ke5 59. Kg8
Qe7 60. Kh8 Kf6 61. Kg8 Qg7# 0-1

[Event "Pere Noel U1400 Online"]
[Site "Chess.com"]
[Date "2020.12.27"]
[Round "3"]
[White "Wen, Kevin"]
[Black "Houde, Jean-Francois"]
[Result "0-1"]
[WhiteElo "1152"]
[BlackElo "1430"]
[PlyCount "114"]
[EventDate "2020.12.27"]
[EventType "swiss"]
[EventRounds "6"]
[EventCountry "CAN"]

1. e4 e5 2. Nf3 Nc6 3. Bc4 Nf6 4. Ng5 d5 5. exd5 Na5 6. Bb5+ Bd7 7. Bxd7+ Qxd7
8. O-O h6 9. Nf3 e4 10. Ne5 Qxd5 11. d4 exd3 12. Nxd3 O-O-O 13. Nc3 Qd7 14. Bd2
Nc6 15. Nc5 Bxc5 16. h3 Qxd2 17. Qxd2 Rxd2 18. Na4 Rxc2 19. Nxc5 Rxc5 20. Rac1
Rxc1 21. Rxc1 Rd8 22. Rc2 Nb4 23. Re2 g5 24. a3 Nc6 25. Rc2 g4 26. Kh2 h5 27.
Rc4 Ne5 28. Rf4 Rd6 29. Rf5 Nd3 30. b4 b6 31. Kg3 gxh3 32. Kxh3 c5 33. bxc5
Nxc5 34. f3 Kd7 35. g4 hxg4+ 36. fxg4 Nxg4 37. Kxg4 f6 38. Rh5 Ke6 39. Rh7 a5
40. Rh8 Ke5 41. Re8+ Re6 42. Rb8 Ke4 43. Rd8 f5+ 44. Kg5 f4 45. Rf8 Re5+ 46.
Kg4 Nd3 47. Rf6 b5 48. Ra6 a4 49. Rh6 f3 50. Rh1 f2 51. Rf1 b4 52. axb4 a3 53.
b5 Rxb5 54. Kg3 Rb2 55. Ra1 a2 56. Rf1 Rb1 57. Rxb1 axb1=Q 0-1

[Event "Pere Noel U1400 Online"]
[Site "Chess.com"]
[Date "2020.12.28"]
[Round "4"]
[White "Chelkowski, Jan"]
[Black "Yergeau, Samuel"]
[Result "1-0"]
[WhiteElo "1282"]
[BlackElo "938"]
[PlyCount "33"]
[EventDate "2020.12.27"]
[EventType "swiss"]
[EventRounds "6"]
[EventCountry "CAN"]

1. e4 e5 2. Nf3 Nc6 3. Bc4 Bc5 4. d3 Nf6 5. Ng5 d5 6. exd5 Nxd5 7. Qf3 Be6 8.
Nxe6 fxe6 9. Qh5+ g6 10. Qh3 Qf6 11. O-O Nd4 12. Re1 Nxc2 13. Re2 Nf4 14. Bxf4
Nxa1 15. Bxe5 Qg5 16. Qxe6+ Be7 17. Bxh8 1-0

[Event "Pere Noel U1400 Online"]
[Site "Chess.com"]
[Date "2020.12.28"]
[Round "4"]
[White "Cormier, Roger"]
[Black "Wen, Kevin"]
[Result "0-1"]
[WhiteElo "1300"]
[BlackElo "1219"]
[PlyCount "146"]
[EventDate "2020.12.27"]
[EventType "swiss"]
[EventRounds "6"]
[EventCountry "CAN"]

1. d4 Nf6 2. Nf3 g6 3. c4 Bg7 4. Nc3 d6 5. e3 O-O 6. Be2 a5 7. O-O Re8 8. h3
Nc6 9. a3 e5 10. d5 Nb8 11. e4 Nbd7 12. Bg5 h6 13. Bxf6 Nxf6 14. Nh2 Bd7 15. f3
c6 16. Rf2 Qb6 17. Na4 Qe3 18. Nf1 Qd4 19. Qxd4 exd4 20. b3 b5 21. Nb2 bxc4 22.
Nxc4 cxd5 23. Nxd6 Re6 24. Nb5 dxe4 25. Nxd4 e3 26. Nxe6 exf2+ 27. Kxf2 Bxe6
28. Nd2 Ng4+ 29. fxg4 Bxa1 30. Bf3 Rb8 31. Bd1 Bc3 32. Ne4 Bd4+ 33. Kf3 Bxb3
34. Be2 Bd5 35. Kf4 Bxe4 36. Kxe4 Bg7 37. Kd5 Rd8+ 38. Kc5 Rd2 39. Bf3 Ra2 40.
Kb5 Rxa3 41. h4 Ra1 42. h5 g5 43. Bd5 Rd1 44. Bf3 Ra1 45. Bd5 a4 46. Ka5 a3 47.
Ka4 a2 48. Kb3 Kf8 49. Ka3 Ke7 50. Bxa2 Rxa2+ 51. Kxa2 Ke6 52. Kb1 Ke5 53. Kc1
Kf4 54. Kd1 Kg3 55. Ke1 Kxg2 56. Ke2 Kg3 57. Ke3 Kxg4 58. Ke4 Kxh5 59. Kf3 f5
60. Kg3 Kg6 61. Kf3 h5 62. Ke2 g4 63. Kf2 f4 64. Kg2 h4 65. Kf1 Kg5 66. Kg2 Bf6
67. Kf1 g3 68. Kg2 Kg4 69. Kf1 f3 70. Kg1 h3 71. Kh1 Be5 72. Kg1 h2+ 73. Kf1
g2+ 0-1

[Event "Pere Noel U1400 Online"]
[Site "Chess.com"]
[Date "2020.12.28"]
[Round "4"]
[White "Houde, Jean-Francois"]
[Black "Cormier, Benoit"]
[Result "1/2-1/2"]
[WhiteElo "1416"]
[BlackElo "1355"]
[PlyCount "118"]
[EventDate "2020.12.27"]
[EventType "swiss"]
[EventRounds "6"]
[EventCountry "CAN"]

1. e4 c5 2. Nf3 Nc6 3. d4 cxd4 4. Nxd4 Nf6 5. Nc3 e5 6. Nf3 Bb4 7. Bd3 Bxc3+ 8.
bxc3 O-O 9. O-O d6 10. h3 h6 11. Ba3 Qc7 12. Re1 Be6 13. Bb5 Rad8 14. Qe2 Rfe8
15. Ba4 Qa5 16. Bxc6 bxc6 17. Bb2 Rb8 18. Reb1 Rb6 19. c4 Reb8 20. c3 Qa6 21.
Qc2 Bxc4 22. Bc1 Bd3 23. Rxb6 Rxb6 24. Qd1 c5 25. Nd2 Nxe4 26. Nxe4 Bxe4 27.
Qg4 Bg6 28. h4 h5 29. Qg5 Qc4 30. Be3 Qxc3 31. Rd1 Qc2 32. Qd8+ Kh7 33. Rxd6
Rxd6 34. Qxd6 Qxa2 35. Qxc5 Qb1+ 36. Kh2 e4 37. Qxa7 Qd3 38. g3 Qe2 39. Kg2
Qf3+ 40. Kf1 Qg4 41. Ke1 Qf3 42. Qa6 Qh1+ 43. Qf1 Qxf1+ 44. Kxf1 f5 45. Kg2 Bf7
46. Kh3 Bc4 47. Kg2 Be2 48. Kg1 g6 49. Kh2 Kg7 50. Bg5 Kf7 51. Kg1 Ke6 52. Kh2
Kd5 53. Be3 Kc4 54. Kg1 Kd3 55. Bf4 Kc2 56. Be3 Kd1 57. Bf4 Ke1 58. Be3 Bf3 59.
Bf4 Ke2 1/2-1/2

[Event "Pere Noel U1400 Online"]
[Site "Chess.com"]
[Date "2020.12.28"]
[Round "4"]
[White "Villeneuve, Joel"]
[Black "Aboudy, Bassel"]
[Result "0-1"]
[WhiteElo "1553"]
[BlackElo "1120"]
[PlyCount "152"]
[EventDate "2020.12.27"]
[EventType "swiss"]
[EventRounds "6"]
[EventCountry "CAN"]

1. d4 d5 2. Bf4 Nf6 3. e3 c5 4. c3 Nc6 5. Bd3 Qb6 6. b3 cxd4 7. exd4 Bg4 8. Qc2
h6 9. Nd2 Bd7 10. Ngf3 e6 11. O-O Be7 12. Rfe1 O-O 13. Ne5 Rac8 14. Nxc6 Bxc6
15. Re3 Rfe8 16. Rh3 Bb5 17. Nf3 Bxd3 18. Qxd3 Ne4 19. c4 Bd6 20. c5 Nxc5 21.
dxc5 Qxc5 22. Bxd6 Qxd6 23. Re1 e5 24. Qf5 e4 25. Nd4 Qb4 26. Rd1 Qxd4 27. Qg4
Qf6 28. Qd7 Qc6 29. Qg4 Qg6 30. Qd7 Qc6 31. Qg4 Re6 32. Qe2 Qc2 33. Qxc2 Rxc2
34. a4 Rec6 35. Re3 Rc1 36. Ree1 Rxd1 37. Rxd1 f5 38. g3 Rd6 39. Rd4 Kf7 40.
Kf1 Ke6 41. Ke2 g5 42. a5 Ra6 43. b4 b6 44. axb6 axb6 45. b5 Ra5 46. Rb4 Kd6
47. Kd2 Kc5 48. Kc3 Rxb5 49. Rxb5+ Kxb5 50. Kd4 Ka4 51. Kxd5 b5 52. Ke5 b4 53.
Kxf5 b3 54. Kxe4 b2 55. Kf5 b1=Q+ 56. Kg4 Qe4+ 57. Kh5 Qg2 58. Kxh6 Qxh2+ 59.
Kxg5 Qxf2 60. g4 Qc5+ 61. Kh4 Qe7+ 62. Kh5 Qg7 63. g5 Kb5 64. Kh4 Kc6 65. Kh5
Kd6 66. Kh4 Ke6 67. Kg4 Qg6 68. Kf4 Kf7 69. Kg4 Ke6 70. Kf4 Qf5+ 71. Kg3 Qxg5+
72. Kh3 Kf5 73. Kh2 Qg4 74. Kh1 Kf4 75. Kh2 Kf3 76. Kh1 Qg2# 0-1

[Event "Pere Noel U1400 Online"]
[Site "Chess.com"]
[Date "2020.12.28"]
[Round "5"]
[White "Aboudy, Bassel"]
[Black "Chelkowski, Jan"]
[Result "1/2-1/2"]
[WhiteElo "1125"]
[BlackElo "1261"]
[PlyCount "97"]
[EventDate "2020.12.27"]
[EventType "swiss"]
[EventRounds "6"]
[EventCountry "CAN"]

1. d4 b6 2. c4 e6 3. Nc3 c5 4. d5 exd5 5. cxd5 Bd6 6. Nf3 Bb7 7. e4 Qf6 8. Bd3
Be5 9. Nxe5 Qxe5 10. O-O Ne7 11. f4 Qd4+ 12. Kh1 c4 13. Bc2 Qxd1 14. Rxd1 d6
15. Nb5 Na6 16. Nxd6+ Kf8 17. Nxb7 g6 18. Ba4 Nb4 19. d6 Nec6 20. Bxc6 Nxc6 21.
d7 Ke7 22. f5 Nd8 23. Nxd8 Raxd8 24. Bg5+ f6 25. Bf4 Rxd7 26. Rxd7+ Kxd7 27.
Rd1+ Kc8 28. a4 Re8 29. Rd4 Kb7 30. Rxc4 gxf5 31. h3 fxe4 32. Kg1 Rd8 33. Rc7+
Ka6 34. Rxh7 Rd1+ 35. Kf2 Rb1 36. b3 Rxb3 37. Bb8 Rb2+ 38. Ke3 Ka5 39. Rxa7+
Kb4 40. Bd6+ Kc4 41. Rc7+ Kd5 42. Be7 Rxg2 43. Bxf6 Rg3+ 44. Kf4 Rxh3 45. Re7
Rf3+ 46. Kg5 Rg3+ 47. Kf4 Rf3+ 48. Kg5 Rg3+ 49. Kf4 1/2-1/2

[Event "Pere Noel U1400 Online"]
[Site "Chess.com"]
[Date "2020.12.28"]
[Round "5"]
[White "Eriew, David"]
[Black "Houde, Jean-Francois"]
[Result "1/2-1/2"]
[WhiteElo "1037"]
[BlackElo "1407"]
[PlyCount "99"]
[EventDate "2020.12.27"]
[EventType "swiss"]
[EventRounds "6"]
[EventCountry "CAN"]

1. e4 e5 2. Nf3 Nc6 3. Bc4 Nf6 4. Nc3 h6 5. d3 Bb4 6. Bd2 O-O 7. Qe2 d6 8.
O-O-O Na5 9. Bd5 c6 10. Bc4 b5 11. Bb3 Nxb3+ 12. cxb3 Be6 13. h3 Qa5 14. Kb1
Rab8 15. g4 Rb6 16. Be1 Ra6 17. Qc2 Bxc3 18. bxc3 Qc7 19. g5 hxg5 20. Nxg5 c5
21. Nxe6 fxe6 22. c4 bxc4 23. dxc4 d5 24. exd5 exd5 25. cxd5 Qd6 26. Qc4 Rb6
27. Bc3 Nd7 28. Rhf1 Qg6+ 29. Ka1 Rd6 30. h4 Rf4 31. Qe2 Rxh4 32. Bxe5 Nxe5 33.
Qxe5 Qf6 34. Rfe1 Rf4 35. Qxf6 gxf6 36. Rd2 Kf7 37. Kb2 Rd4 38. Red1 R6xd5 39.
Rxd4 cxd4 40. Kc2 Ke6 41. Kd3 Kd6 42. Ke4 f5+ 43. Kf4 Kc5 44. Kf3 Kb4 45. Ke2
Kc3 46. Rd3+ Kb2 47. Rd2+ Kc3 48. Rd3+ Kb2 49. Rd2+ Kc3 50. Rd3+ 1/2-1/2